000 00693nam a2200205Ia 4500
005 20260121110019.0
008 008 260114s9999 xx 000 0 hin d
020 _a9788132357346
037 _aEBOOK
040 _aCRL
_bhin
_cCRL
041 _ahin
_2hin
084 _qCRL
100 _aउमाशंकर यादव / Umashankar Yadav
_9940991
245 0 _aअनाज उत्पादनः तकनीकी एवं लाभ / Anaaj Utpadan: Takneeki aur Laabh
260 _bभाषा प्रकाशन / Bhasha Prakashan
_c2021
856 _uhttps://bhashaprakashan.com/product-details/378875
942 _cEBOOK
999 _c1532656
_d1532656